El gran teatro de la historia : Calderón y el drama barroco /

Detalles Bibliográficos
Otros Autores: Romanos, Melchora (comp.), Calvo, Florencia (comp.)
Formato: Libro
Lenguaje:español
Publicado: Buenos Aires Eudeba 2002
Materias:
Acceso en línea:

MARC

LEADER 00000cam a2200000 a 4500
001 021533
003 UAHC_CL
005 20170803122011.0
008 120807s2002 ag 000 spa
020 |a 950231218X 
040 |a UAHC_CL  |c UAHC_CL  |d UAHC_CL 
082 0 4 |a 862  |b G748  |2 21 
245 1 3 |a El gran teatro de la historia :  |b Calderón y el drama barroco /  |c compilado por Melchora Romanos y Florencia Calvo. 
260 |b Eudeba  |a Buenos Aires  |c 2002 
300 |a 240 p. 
505 0 |a Alejandro Magno y la educación de príncipes / Romanos, Melchora -- 'Que en ser señor de mí, lo soy del mundo': las figuras del poder en 'La gran Cenobia' / Gonano, Eleonora -- Los postreros 'Duelos' de Calderón: el diálogo de las artes en la escena cortesana / Cirnigliaro, Noelia Sol -- La gesta de los Macabeos / Festini, Patricia -- David y Salomón / Festini, Patricia -- Teatro histórico y evangelización en 'El gran príncipe de fez' / Romanos, Melchora -- Origen, pérdida y restauración de la Virgen del Sagrario': un modelo dramático abandonado / Calvo, Florencia -- El sitio de Bredá', la comedia de glorificación de un suceso bélico contemporáneo / Pagnotta, Carmen Josefina -- El sistema de 'dramatis personae' en 'Las tres justicias en una' / Fernández Licciardi, Alejandra -- Nuevas posibilidades genéricas para lo histórico: 'El postrer duelo de España' y su inscripción como comedia heroica / González, Ximena -- La desintegración de la historia: 'Gustos y disgustos son no más que imaginación' / Calvo, Florencia -- Ficción y realidad histórica en 'El Tuzaní de la Alpujarra o Amar después de la muerte' de Pedro Calderón de la Barca / Romanos, Melchora -- Me harán eterno mármoles y jaspes': Calderón y Bredá, historia, diálogos y escritura / Calvo, Florencia. 
521 |a Europeización del mundo 
600 1 4 |a Calderón de la Barca, Pedro  |d 1600-1681  |x Crítica e interpretación 
650 4 |a DRAMA ESPAÑOL  |y 1500-1700  |x HISTORIA Y CRITICA 
653 |a PEDAGOGIA EN HISTORIA Y CIENCIAS SOCIALES 
658 |a Mellado, Leonardo 
700 1 |a Romanos, Melchora  |e comp. 
700 1 |a Calvo, Florencia  |e comp. 
900 |a 862 GRA 
942 |c BK 
952 |0 0  |1 0  |4 0  |6 862_000000000000000_GRA  |7 0  |8 General  |9 42708  |a BC  |b BC  |c General  |d 2017-08-03  |l 0  |o 862 GRA  |p 1401141  |r 2025-11-26 00:00:00  |t 1  |w 2017-08-03  |y BK 
952 |0 0  |1 0  |4 0  |6 862_000000000000000_GRA  |7 0  |8 General  |9 42709  |a BC  |b BC  |c General  |d 2017-08-03  |l 0  |o 862 GRA  |p 1401142  |r 2025-11-26 00:00:00  |t 2  |w 2017-08-03  |y BK 
952 |0 0  |1 0  |4 0  |6 862_000000000000000_GRA  |7 0  |8 Referencia  |9 42710  |a BC  |b BC  |c Referencia  |d 2017-08-03  |l 0  |o 862 GRA  |p 1401143  |r 2025-11-26 00:00:00  |t 3  |w 2017-08-03  |y BK 
999 |c 21533  |d 21533